LEADER 00829nam0-2200313---450- 001 990009963360403321 005 20150512131656.0 010 $a978-0262232227 035 $a000996336 035 $aFED01000996336 035 $a(Aleph)000996336FED01 035 $a000996336 100 $a20150511d2002----km-y0itay50------ba 101 0 $aeng 102 $aUS 105 $aa-------001yy 200 1 $a<>illusion of conscious wil$fDaniel M. Wegner 210 $aCambridge, Massachusetts$cMIT Press$d2002 215 $aXI, 405 p.$cill.$d23 cm 610 0 $aVolontà 610 0 $aCoscienza 676 $a153.8$v22$zita 700 1$aWegner,$bDaniel M.$f<1948- > 801 0$aIT$bUNINA$gRICA$2UNIMARC 901 $aBK 912 $a990009963360403321 952 $a153.8 WEG 1$b1519$fBFS 959 $aBFS 997 $aUNINA LEADER 01241nam2-2200385li-450 001 990000194480203316 005 20180312154625.0 010 $a0-7503-0535-5 035 $a0019448 035 $aUSA010019448 035 $a(ALEPH)000019448USA01 035 $a0019448 100 $a20001109d1999----km-y0itay0103----ba 101 0 $aeng 102 $aGB 200 1 $aBasic ideas and concepts in nuclear physics$ean introductory approach$fK. Heyde 205 $a2nd ed 210 $aBristol and Philadelphia$cInstitute of Physics Publishing$dcopyr. 1999 215 $aXX, 524 p.$cill.$d23 cm 225 2 $aGraduate student series in physics$v0 410 0$10010019445$12001$aGraduate student series in physics 610 1 $afisica nucleare 676 $a5397$9Fisica atomica e nucleare 700 1$aHeyde,$bKris$0290857 801 $aSistema bibliotecario di Ateneo dell' Università di Salerno$gRICA 912 $a990000194480203316 951 $a539.7 HEY$b0024181 959 $aBK 969 $aSCI 979 $c19991119 979 $c20001110$lUSA01$h1713 979 $c20020403$lUSA01$h1627 979 $aPATRY$b90$c20040406$lUSA01$h1614 996 $aBasic ideas and concepts in nuclear physics$9185315 997 $aUNISA LEADER 01317nam2 2200325 i 450 001 USM1707781 005 20251003044436.0 010 $a9788849514902 100 $a20200423d2007 ||||0itac50 ba 101 | $aita 102 $ait 181 1$6z01$ai $bxxxe 182 1$6z01$an 183 1$6z01$anc$2RDAcarrier 200 1 $aˆ1: I ‰beni$fOberdan Tommaso Scozzafava 210 $aNapoli [etc.]$cEdizioni scientifiche italiane$d[2007] 215 $aIX, 248 p.$d25 cm. 462 1$1001USM1411104$12001 $aˆ3: ‰Situazioni giuridiche$v1 606 $aBeni$2FIR$3CFIC010595$9I 676 $a346.04$9DIRITTO DELLA PROPRIETA$v22 696 $aBeni economici 699 $aBeni$zBeni economici 700 1$aScozzafava$b, Oberdan Tommaso$3CFIV043004$4070$0147173 801 3$aIT$bIT-000000$c20200423 850 $aIT-BN0095 $aIT-NA0079 912 $aUSM1707781 950 2$aBiblioteca Centralizzata di Ateneo$cv. 2.1-2.2;3.1;3.5;3.13;3.15;4.1(in tre copie);4.14(in tre copie);4.17;4.27;4.34;4.37(in due copie);5.4;6.1; 8.1;8.6 (in due copie);9.9;10.3;$d 01TRA 1 TRADDC$e 01C 0800232565 VMA A4(0003.1 v. 3.1 (Precedente collocazione (C) 346.45 TRA PER)$fB $h20210610$i20210610 977 $a 01$a BN 996 $aBeni$9809238 997 $aUNISANNIO